| 000 | 00573nam a2200205Ia 4500 | ||
|---|---|---|---|
| 005 | 20250508150418.0 | ||
| 008 | 008 250505s9999 xx 000 0 eng d | ||
| 037 | _aTextual | ||
| 040 |
_aFEDL _beng _cFEDL |
||
| 041 |
_aeng _2eng |
||
| 084 |
_a021.89, HEW _qFEDL |
||
| 100 | _aHewitt A R | ||
| 245 | 0 | _aLaw relating to public libraries: Museums and art galleries | |
| 250 | _a2 | ||
| 260 |
_aLondon, UK _bEyre and Spottiswoode _c1947 |
||
| 300 | _axiii,160p | ||
| 650 | _aLibrary science | ||
| 942 |
_cTEXL _h021.89, HEW |
||
| 999 |
_c1323504 _d1323504 |
||